| 000 | 02689cam a22004098i 4500 | ||
|---|---|---|---|
| 001 | 18016100 | ||
| 003 | OSt | ||
| 005 | 20180116192424.0 | ||
| 008 | 140123s2014 nju b 001 0 eng | ||
| 010 | _a 2014002687 | ||
| 020 | _a9781118453636 (hardback) | ||
| 040 |
_aDLC _beng _erda _cDLC |
||
| 042 | _apcc | ||
| 050 | 0 | 0 |
_aNA9053.H76 _bB76 2014 |
| 082 | 0 | 0 |
_a711.4 _223 |
| 084 |
_aARC010000 _2bisacsh |
||
| 100 | 1 |
_aBrown, Lance Jay, _d1943- _97817 |
|
| 245 | 1 | 0 |
_aUrban design for an urban century : _bshaping more livable, equitable, and resilient cities / _cLance Jay Brown, FAIA; David Dixon, FAIA; Oliver Gillham, AIA. |
| 250 | _aSecond edition. | ||
| 260 |
_aLondon: _bWiley, _c2013. |
||
| 263 | _a1404 | ||
| 300 | _apages cm | ||
| 504 | _aIncludes bibliographical references and index. | ||
| 505 | 0 | _aRoots of Western Urban Form : Centralization -- Decentralization : The Rise and Decline of Industrial Cities -- Recentralization : The Forces Shaping 21st-Century Urbanism -- Recentralization : 21st-century Urbanism Takes Shape. | |
| 520 | _a"This book offers a comprehensive introduction to urban design, from a historical overview and basic principles to practical design concepts and strategies. It discusses the demographic, environmental, economic, and social issues that influence the decision-making and implementation processes of urban design. The Second Edition has been fully revised to include thorough coverage of sustainability issues and to integrate new case studies into the core concepts discussed. Ancillary materials, including PowerPoint slides, sample questions and projects, and bonus case studies, help to enrich understanding of this topic"-- | ||
| 520 | _a"The Second Edition has been fully revised to include thorough coverage of sustainability issues and to integrate new case studies into the core concepts discussed. Ancillary materials, including PowerPoint slides, sample questions and projects, and bonus case studies, help to enrich understanding of this topic"-- | ||
| 650 | 0 |
_aCity planning _xSocial aspects. _97818 |
|
| 650 | 0 |
_aArchitecture _xHuman factors. _97819 |
|
| 650 | 7 |
_aARCHITECTURE / Urban & Land Use Planning. _2bisacsh _97820 |
|
| 700 | 1 |
_aDixon, David, _d1947 July 17- _97821 |
|
| 700 | 1 |
_aGillham, Oliver. _97822 |
|
| 776 | 0 | 8 |
_iOnline version: _aBrown, Lance Jay, 1943- _tUrban design for an urban century _bSecond edition. _dHoboken : Wiley, 2014 _z9781118845813 _w(DLC) 2014004809 |
| 856 | 4 | 2 |
_3Cover image _uhttp://catalogimages.wiley.com/images/db/jimages/9781118453636.jpg |
| 906 |
_a7 _bcbc _corignew _d1 _eecip _f20 _gy-gencatlg |
||
| 942 |
_2ddc _cBK |
||
| 999 |
_c354020 _d354020 |
||